How low income countries can advance their own growth : the lessons of experience : a statement on national policy /

Saved in:
Bibliographic Details
Corporate Authors: Committee for Economic Development (U.S.) Research and Policy Committee, Inter-American Council of Commerce and Production
Format: Book
Language:English
Published: New York : CED, 1966.
Subjects:
LEADER 01418nam a2200277 a 4500
001 c000142454
003 CARM
005 00000000000000.0
008 711028s1966 nyuab 00010 eng
019 1 |a 660109  |z 42733288  |z 45107897  |z 56471524  |5 LACONCORD2021 
035 |a (OCoLC)712231  |5 LACONCORD2021 
040 |d NNCU  |d XNTU 
043 |a cl----- 
050 0 0 |a HC59.7  |b .C6 
110 2 0 |a Committee for Economic Development (U.S.)  |b Research and Policy Committee. 
245 1 0 |a How low income countries can advance their own growth :  |b the lessons of experience : a statement on national policy /  |c by the Research and Policy Committee of the Committee for Economic Development. Including a statement on Economic development of Latin America /by the Inter-American Council for Commerce and Production. 
260 |a New York :  |b CED,  |c 1966. 
300 |a 73, 57 p. :  |b col. ill., maps (some col.) ;  |c 28 cm. 
650 0 |a Economic history  |y 1945-1971. 
651 0 |a Developing countries  |x Economic policy. 
651 0 |a Latin America  |x Economic policy. 
710 2 2 |a Inter-American Council of Commerce and Production.  |t Economic development of Latin America. 
852 8 |b CARM  |h A2:AH13F0  |i C03472  |p 0126621  |f BK 
082 0 4 |a 338.091724  |2 20 
999 f f |i 0821c672-624d-5783-a9f6-f040eb63f387  |s 6edabad8-f393-568c-ac8c-9995a5e0f89c 
952 f f |p Can circulate  |a CAVAL  |b CAVAL  |c CAVAL  |d CARM 1 Store  |e C03472  |f A2:AH13F0  |h Other scheme  |i book  |m 0126621